1017 1112 1686 1218 1452 1616 1296 1631 1113 1579 2000 1710 1756 1687 1941 1966 1040 1846 1369 1102 1525 1837 1219 1415 1178 1810 1869 1569 1991 1460 1374 1889 1504 1141 1799 1695 1963 1144 1999 1515 1554 1355 1845 1047 1179 1766 1934 1968 1390 1310 1353 1512 1535 1499 1216 1710 1339 1192 1988 1018 1747 1720 1440 1117 1797 1018 1431 1466 1188 1499 1979 1174 1272 1501 1607 1427 1305 1034 1836 1575 1579 1783 1125 1976 1214 1717 1683 1510 1258 1215 1531 1218 1791 1582 1404 1258 1751 1993 1289 BCNSPRNW ULIB Ver.6.0+V

เปลี่ยนเป็นภาษาไทย

Change to English
 แสดงรายละเอียดบรรณานุกรม
  กลับหน้าหลัก

Brief Record : Get Marc (ISO 2709) : E-mail record : QR code < ปิดหน้าต่าง
LEADER : 00000nam 2200000uu 4500
001    13399128650
003     ULIB
008    230925s||||||||th 000 0 tha d
020 ^  ^a9786161849887 :^c(pbk.)
050 0  ^aPT2665 ^bอ73ม
100 1  ^aเอ็นเด้, มิชาเอ็ล.
245 1  ^aโมโม่ =^bMomo /^cมิชาเอ็ล เอ็นเด้, เขียนและวาดภาพประกอบ ; ชินนรงค์ เนียวกุล, แปลจากภาษาเยอรมัน.
246 3  ^aMomo
250 ^  ^aพิมพ์ครั้งที่ 17.
260 ^  ^aกรุงเทพฯ :^bแพรวเยาวชน,^c2565.
300 ^  ^a282 หน้า :^bภาพประกอบ ;^c19 ซม.
505 2  ^aตอนที่หนึ่ง : โมโม่และเพื่อนๆ --^tตอนที่สอง: ผู้ชายสีเทา --^tตอนที่สาม : ดอกไม้ชั่วโมง.
650 ^  ^aวรรณกรรมแปล.
650 ^  ^aวรรณกรรมสำหรับเด็ก.
700 0  ^aชินนรงค์ เนียวกุล.
945    ^p265^l0^i30008
999    ^aกัณชพร จุลอักษร
รายการนี้ยังไม่มีแท็ก
คุณยังไม่ได้ล็อกอิน คุณสามารถมีกิจกรรมร่วมกับเว็บไซต์ได้ แต่ต้องล็อกอินก่อน ::
  ล็อกอิน

รายการสื่อสารสนเทศ

ลำดับที่ ประเภท เลขเรียก/บาร์โค้ด สถานที่ สถานะ
1. วิทยาศาสตร์การแพทย์ และสุขภาพ
วิทยาศาสตร์การแพทย์ และสุขภาพ
PT2665 อ73ม ฉ.1 
  Barcode: 30008
ห้องสมุดวิทยาเขตนครสวรรค์
►นวนิยาย:l:Fiction
บนชั้น

รายการใกล้เคียง
    ผู้แต่ง [เอ็นเด้, มิชาเอ็ล.]

    หัวเรื่อง [วรรณกรรมแปล.]
    หัวเรื่อง [วรรณกรรมสำหรับเด็ก.]

BibComment


ยังไม่เคยถูกคอมเมนท์

คอมเมนท์ทรัพยากรรายการนี้
  คอมเมนท์: โมโม่ Momo มิช..


 Copyright 2026. Bcnsprnw @Library